[Event "zonal 3.4 (w)"]
[Site "Tashkent UZB"]
[Date "2011.06.08"]
[Round "1.1"]
[White "Muminova, Nafisa"]
[Black "Nodiryanova, Nodira"]
[Result "0-1"]
[WhiteElo "2346"]
[BlackElo "2166"]
[EventDate "2011.06.08"]
[PlyCount "130"]

1.e4 e6 2.d4 d5 3.e5 c5 4.c3 Nc6 5.Nf3 Bd7 6.Bd3 cxd4 7.cxd4 Qb6 8.O-O Nb4
9.Be2 Bb5 10.Bxb5+ Qxb5 11.Nc3 Qd7 12.a3 Nc6 13.b4 Nge7 14.Bb2 Nc8 15.Na4 
b6 16.Rc1 Be7 17.Nc3 a6 18.Qa4 Nb8 19.b5 O-O 20.Rc2 Na7 21.bxa6 b5 22.Qb3 
Nxa6 23.Na2 Rfc8 24.Rfc1 Rc4 25.Nd2 Bg5 26.Qg3 Bxd2 27.Rxd2 Rac8 28.Rd3 
R8c7 29.Rb1 Nc8 30.Qh4 Ne7 31.Rh3 h6 32.g4 Rc2 33.Qg3 R7c4 34.Qd3 Ng6 35.
Rf3 b4 36.axb4 Nh4 37.Rh3 Nxb4 38.Nxb4 Rxb2 39.Rxh4 Rxb1+ 40.Qxb1 Qb5 41.
Qd3 Qxb4 42.g5 hxg5 43.Rg4 Rc1+ 44.Kg2 Qe1 45.Qe3 Qf1+ 46.Kg3 Rd1 47.f3 
Rd3 48.Qf2 Qc1 49.Kh3 Rd2 50.Qg1 Qc3 51.Kg3 Rd3 52.Qf2 Qc1 53.Kh3 Qd1 54.
Rg3 Rxd4 55.Rxg5 Rd3 56.Rg3 Qc1 57.f4 Qb1 58.Qc5 Qf1+ 59.Kg4 Qe2+ 60.Kg5 
Qe4 61.Rxd3 Qf5+ 62.Kh4 Qxf4+ 63.Kh3 Qf1+ 64.Kg4 Qxd3 65.Qc7 Qc4+ 0-1

[Event "zonal 3.4 (w)"]
[Site "Tashkent UZB"]
[Date "2011.06.08"]
[Round "1.2"]
[White "Tokhiryanova, Khulkar"]
[Black "Dauletova, Gulmira"]
[Result "0-1"]
[WhiteElo "2106"]
[BlackElo "2263"]
[EventDate "2011.06.08"]
[PlyCount "150"]

1.e4 e5 2.Nf3 d6 3.d4 exd4 4.Nxd4 Nf6 5.Nc3 Be7 6.Be2 O-O 7.Be3 Re8 8.Qd2 
Bf8 9.f3 d5 10.Bg5 dxe4 11.Ndb5 Qxd2+ 12.Kxd2 Na6 13.Bxf6 gxf6 14.Nxe4 
Bh6+ 15.Kd1 Rd8+ 16.Bd3 f5 17.Nf2 c6 18.Na3 Be6 19.Re1 Nb4 20.Ke2 c5 21.
Red1 Nd5 22.c4 Ne3 23.Rg1 b5 24.Nxb5 Bxc4 25.g4 f4 26.Nc3 Bg7 27.Rac1 Bd4 
28.Bxc4 Nxc4 29.Nce4 Nxb2 30.Rc2 Rac8 31.Rgc1 c4 32.Rb1 Rb8 33.Nd1 Nxd1 
34.Rxd1 Rbc8 35.Rb1 Bb6 36.Rb4 Rd4 37.Rb5 Rd3 38.Rg5+ Kf8 39.Rf5 Re3+ 40.
Kf1 Rxf3+ 41.Kg2 Rd3 42.Rxf4 Rd4 43.Kf3 c3 44.Rf5 Re8 45.Nc5 Ba5 46.Ne6+ 
Rxe6 47.Rxa5 Rd3+ 48.Kf4 Re7 49.Rc5 Ree3 50.Ra5 Rf3+ 51.Ke4 Rfe3+ 52.Kf4 
Re1 53.Rxa7 Rd2 54.Rxc3 Rxh2 55.a4 Kg7 56.a5 Rd2 57.Rc4 Ra1 58.Rc5 Rd4+ 
59.Kf3 Ra3+ 60.Kf2 Rf4+ 61.Ke2 Re4+ 62.Kf2 Rf4+ 63.Ke2 Kg6 64.g5 Rb4 65.
Ra6+ Kg7 66.Kd2 Rb2+ 67.Rc2 Rb5 68.Rc7 Rxg5 69.Rc2 h5 70.Ke1 h4 71.Ra7 h3 
72.Rf2 Ra1+ 73.Ke2 Ra2+ 74.Kf1 Rxf2+ 75.Kxf2 h2 0-1

[Event "zonal 3.4 (w)"]
[Site "Tashkent UZB"]
[Date "2011.06.08"]
[Round "1.3"]
[White "Nakhbaeva, Guliskhan"]
[Black "Ainutdinova, Ekaterina"]
[Result "0-1"]
[WhiteElo "2244"]
[BlackElo "2088"]
[EventDate "2011.06.08"]
[PlyCount "92"]

1.d4 Nf6 2.c4 g6 3.Nc3 d5 4.Nf3 Bg7 5.Bg5 Ne4 6.Bh4 Nxc3 7.bxc3 dxc4 8.e3 
Be6 9.Ng5 Bd5 10.Qb1 h6 11.Nh3 g5 12.Bg3 b6 13.f4 Qd7 14.e4 Qe6 15.Nf2 f5 
16.Be2 fxe4 17.Bh5+ Kd8 18.O-O gxf4 19.Bg4 Qc6 20.Bxf4 e3 21.Nd1 Bxg2 22.
d5 Bxd5 23.Nxe3 Be4 24.Rd1+ Bd3 25.Nxc4 Bd4+ 26.Be3 Bxb1 27.Rxd4+ Ke8 28.
Rxb1 Rg8 29.Kf2 Qf6+ 30.Ke2 e5 31.Re4 Nc6 32.Bh5+ Ke7 33.Rf1 Rg2+ 34.Ke1 
Qe6 35.Bf2 Rf8 36.Bh4+ Rg5 37.Bxg5+ hxg5 38.Rxf8 Kxf8 39.Ke2 Qh6 40.Bg4 
Qxh2+ 41.Ke3 Qxa2 42.Bd7 Na5 43.Nxe5 Nb3 44.Be8 Qd2+ 45.Kf3 Nc5 46.Re2 
Qd5+ 0-1

[Event "zonal 3.4 (w)"]
[Site "Tashkent UZB"]
[Date "2011.06.08"]
[Round "1.4"]
[White "Kurbonboeva, Sarvinoz"]
[Black "Davletbaeva, Madina"]
[Result "1/2-1/2"]
[WhiteElo "2073"]
[BlackElo "2234"]
[EventDate "2011.06.08"]
[PlyCount "97"]

1.c4 Nf6 2.Nc3 g6 3.g3 Bg7 4.Bg2 O-O 5.Nf3 d6 6.O-O Nc6 7.d3 Bf5 8.Rb1 Qd7
9.b4 a6 10.Nd5 Nxd5 11.cxd5 Nd8 12.Bb2 c6 13.Bxg7 Kxg7 14.Nd4 cxd5 15.Bxd5
Bh3 16.Bg2 Bxg2 17.Kxg2 Rc8 18.Qd2 e5 19.Nf3 Ne6 20.Rfc1 Qa4 21.Qb2 f6 22.
e4 Qd7 23.h3 d5 24.Rxc8 Rxc8 25.Rc1 dxe4 26.dxe4 Rxc1 27.Qxc1 Qc7 28.Qxc7+
Nxc7 29.a4 Kf7 30.Ne1 Ne6 31.Nd3 Ke7 32.f4 exf4 33.gxf4 Kd6 34.Kf3 b6 35.
Ke3 g5 36.fxg5 fxg5 37.Kf3 h5 38.Kg3 a5 39.bxa5 bxa5 40.Kf3 Nd4+ 41.Ke3 
Nc6 42.Ne1 Kc5 43.Nf3 g4 44.hxg4 hxg4 45.Nd2 Kb4 46.Kf4 Kxa4 47.Nc4 Kb4 
48.Nxa5 Kxa5 49.Kxg4 1/2-1/2

[Event "zonal 3.4 (w)"]
[Site "Tashkent UZB"]
[Date "2011.06.08"]
[Round "1.5"]
[White "Sabirova, Olga"]
[Black "Mamatkulova, Maftuna"]
[Result "0-1"]
[WhiteElo "2225"]
[BlackElo "2046"]
[EventDate "2011.06.08"]
[PlyCount "142"]

1.e4 c6 2.d4 d5 3.f3 e6 4.Nc3 Nd7 5.Bf4 Bb4 6.Qd3 Ne7 7.a3 Ba5 8.O-O-O Bc7
9.Qe3 Rb8 10.h4 b5 11.Bxc7 Qxc7 12.exd5 Nxd5 13.Nxd5 cxd5 14.b3 Qd6 15.Kb2
b4 16.a4 Ba6 17.Bxa6 Qxa6 18.Ne2 Rc8 19.h5 Qc6 20.Rc1 O-O 21.h6 g6 22.c3 
Qd6 23.Qd2 bxc3+ 24.Nxc3 a6 25.Ne2 Rb8 26.Ka2 Rb4 27.Rc3 a5 28.Rhc1 Qb8 
29.Qe3 Nb6 30.Qe5 Qxe5 31.dxe5 Rb8 32.Rc5 Nc4 33.f4 Rxb3 34.Rc8+ Rxc8 35.
Kxb3 f6 36.exf6 Kf7 37.Nd4 Kxf6 38.Rc2 Rb8+ 39.Kc3 Rb1 40.Re2 Rc1+ 41.Kb3 
e5 42.fxe5+ Nxe5 43.Rf2+ Kg5 44.Ne6+ Kxh6 45.Rd2 Rc6 46.Nf4 Rb6+ 47.Kc3 
Rb4 48.Ne6 Rxa4 49.Rxd5 Ra3+ 50.Kd4 Nc6+ 51.Kc5 Rc3+ 52.Kb5 Na7+ 53.Kxa5 
Rc6 54.Nd4 Rc7 55.Kb6 Rf7 56.Kc5 Nc8 57.Nf3 Rc7+ 58.Kd4 Ne7 59.Rc5 Nf5+ 
60.Kd5 Ne3+ 61.Kd6 Rxc5 62.Kxc5 Nxg2 63.Kd5 Kh5 64.Ne5 Kh4 65.Ke6 Kg5 66.
Kf7 Nf4 67.Nf3+ Kg4 68.Ne5+ Kg3 69.Kf6 h5 70.Nf7 h4 71.Ng5 h3 0-1

[Event "zonal 3.4 (w)"]
[Site "Tashkent UZB"]
[Date "2011.06.09"]
[Round "2.1"]
[White "Dauletova, Gulmira"]
[Black "Nodiryanova, Nodira"]
[Result "1/2-1/2"]
[WhiteElo "2263"]
[BlackElo "2166"]
[EventDate "2011.06.08"]
[PlyCount "110"]

1.e4 e6 2.d4 d5 3.Nc3 Nf6 4.e5 Nfd7 5.f4 c5 6.Nf3 Nc6 7.Be3 a6 8.Qd2 b5 9.
Be2 Qb6 10.Nd1 a5 11.c3 Ba6 12.O-O b4 13.Bxa6 Rxa6 14.Bf2 g6 15.Ne3 a4 16.
Rad1 cxd4 17.cxd4 f5 18.exf6 Nxf6 19.Ng5 Na7 20.Rfe1 Be7 21.Nf1 O-O 22.
Rxe6 Qb7 23.Qe2 Bd6 24.Ng3 Nb5 25.f5 h6 26.Nf3 a3 27.Nh4 axb2 28.Qxb2 gxf5
29.Nhxf5 Bxg3 30.Rxa6 Bxh2+ 31.Kxh2 Qxa6 32.Qe2 h5 33.Nh6+ Kh8 34.Bg3 Qb7 
35.Qe6 Qh7 36.Bf4 Nc3 37.Re1 Qd7 38.Qd6 Qxd6 39.Bxd6 Ra8 40.Bxb4 Nxa2 41.
Be7 Ne4 42.Rb1 Ra7 43.Nf5 Nac3 44.Rb6 Ne2 45.Bd6 Nxd6 46.Rxd6 Nc3 47.Rh6+ 
Kg8 48.Kg3 Ne2+ 49.Kf2 Rf7 50.Kxe2 Rxf5 51.g4 hxg4 52.Rg6+ Kf7 53.Rxg4 Kf6
54.Rg8 Rh5 55.Rf8+ Ke6 1/2-1/2

[Event "zonal 3.4 (w)"]
[Site "Tashkent UZB"]
[Date "2011.06.09"]
[Round "2.2"]
[White "Khamrakulova, Yulduz"]
[Black "Ainutdinova, Ekaterina"]
[Result "1/2-1/2"]
[WhiteElo "2201"]
[BlackElo "2088"]
[EventDate "2011.06.08"]
[PlyCount "46"]

1.d4 Nf6 2.c4 g6 3.Nf3 Bg7 4.g3 d5 5.cxd5 Nxd5 6.Bg2 Nb6 7.Nc3 Nc6 8.e3 
O-O 9.O-O Re8 10.Re1 e5 11.d5 Na5 12.e4 c6 13.b4 Nac4 14.dxc6 bxc6 15.Qe2 
Bf8 16.Rb1 a5 17.Rd1 Qc7 18.a3 a4 19.Bf1 Be6 20.Qc2 Bc8 21.Qe2 Be6 22.Qc2 
Bc8 23.Qe2 Be6 1/2-1/2

[Event "zonal 3.4 (w)"]
[Site "Tashkent UZB"]
[Date "2011.06.09"]
[Round "2.4"]
[White "Davletbaeva, Madina"]
[Black "Muminova, Nafisa"]
[Result "1/2-1/2"]
[WhiteElo "2234"]
[BlackElo "2346"]
[EventDate "2011.06.08"]
[PlyCount "48"]

1.e4 e6 2.d4 d5 3.Nd2 Nf6 4.e5 Nfd7 5.Bd3 c5 6.c3 Nc6 7.Ne2 cxd4 8.cxd4 f6
9.exf6 Nxf6 10.O-O Bd6 11.Nf3 Qc7 12.Bg5 O-O 13.Rc1 Bd7 14.Bh4 Qb6 15.b3 
Ba3 16.Rb1 Nb4 17.Ne5 Be8 18.Nc3 Rc8 19.Na4 Qd6 20.Bg3 Qe7 21.Bh4 Qd6 22.
Bg3 Qe7 23.Bh4 Qd6 24.Bg3 Qe7 1/2-1/2

[Event "zonal 3.4 (w)"]
[Site "Tashkent UZB"]
[Date "2011.06.09"]
[Round "2.5"]
[White "Tokhiryanova, Khulkar"]
[Black "Nakhbaeva, Guliskhan"]
[Result "1/2-1/2"]
[WhiteElo "2106"]
[BlackElo "2244"]
[EventDate "2011.06.08"]
[PlyCount "151"]

1.e4 c6 2.d4 d5 3.Nd2 dxe4 4.Nxe4 Bf5 5.Ng3 Bg6 6.h4 h6 7.Nf3 Nd7 8.h5 Bh7
9.Bd3 Bxd3 10.Qxd3 e6 11.Bf4 Qa5+ 12.Bd2 Qc7 13.O-O-O Ngf6 14.Qe2 O-O-O 
15.Ne5 Nb6 16.Ba5 Rd5 17.Bxb6 axb6 18.Ne4 Nxe4 19.Qxe4 Bd6 20.Rhe1 b5 21.
Qg4 Bxe5 22.dxe5 Rxd1+ 23.Qxd1 Qa5 24.Kb1 Rd8 25.Qe2 Rd2 26.Qe3 Qd8 27.Kc1
Rd5 28.a3 Qh4 29.Qf3 Qg5+ 30.Kb1 Qd2 31.Qe3 Qa5 32.c3 Qa4 33.f3 Qh4 34.g4 
Qh2 35.Kc1 Kc7 36.Re2 Qh1+ 37.Re1 Rd3 38.Rxh1 Rxe3 39.Rf1 Rxe5 40.Kd2 g6 
41.hxg6 fxg6 42.f4 Rd5+ 43.Ke3 Kd6 44.Rf2 Ke7 45.Rh2 h5 46.gxh5 Rxh5 47.
Rg2 Kf6 48.Ke4 e5 49.Rd2 exf4 50.Kxf4 Rd5 51.Re2 Rf5+ 52.Kg4 Rf1 53.Re8 
Rb1 54.Re2 Rg1+ 55.Kf3 g5 56.Re8 g4+ 57.Kf4 g3 58.Kf3 Rd1 59.Kxg3 Rd2 60.
Rf8+ Ke5 61.Rf2 Rd3+ 62.Kg2 Ke4 63.Re2+ Kd5 64.Kf2 Kc4 65.Re4+ Kb3 66.Rb4+
Ka2 67.Ke2 Rh3 68.Kd2 Kb1 69.c4 Rh2+ 70.Kd3 Rxb2 71.cxb5 cxb5 72.Kc3 Rxb4 
73.Kxb4 Kb2 74.Kxb5 Kxa3 75.Kb6 Kb4 76.Kxb7 1/2-1/2

[Event "zonal 3.4 (w)"]
[Site "Tashkent UZB"]
[Date "2011.06.11"]
[Round "4.2"]
[White "Ainutdinova, Ekaterina"]
[Black "Davletbaeva, Madina"]
[Result "0-1"]
[WhiteElo "2088"]
[BlackElo "2234"]
[EventDate "2011.06.08"]
[PlyCount "56"]

1.e4 e5 2.Nf3 Nc6 3.Bb5 a6 4.Ba4 Nf6 5.O-O Nxe4 6.d4 b5 7.Bb3 d5 8.dxe5 
Be6 9.c3 Be7 10.Be3 O-O 11.h3 f5 12.exf6 Nxf6 13.Bc2 Qd7 14.Nd4 Nxd4 15.
Bxd4 Bd6 16.Qd3 g6 17.Qe3 Rae8 18.Qh6 Bf5 19.Bxf5 Qxf5 20.Be3 Qe5 21.g3 
Nh5 22.Bd4 Qe2 23.Nd2 c5 24.Be3 Qd3 25.Nb3 Nxg3 26.Rfd1 Ne2+ 27.Kf1 Qxe3 
28.Qxe3 Rxe3 0-1

[Event "zonal 3.4 (w)"]
[Site "Tashkent UZB"]
[Date "2011.06.12"]
[Round "5.1"]
[White "Davletbaeva, Madina"]
[Black "Mamatkulova, Maftuna"]
[Result "1/2-1/2"]
[WhiteElo "2234"]
[BlackElo "2046"]
[EventDate "2011.06.08"]
[PlyCount "80"]

1.e4 c6 2.d4 d5 3.Nc3 dxe4 4.Nxe4 Nd7 5.Bc4 Ngf6 6.Ng5 e6 7.Qe2 Nb6 8.Bb3 
h6 9.N5f3 a5 10.a3 a4 11.Ba2 c5 12.Be3 Qc7 13.dxc5 Bxc5 14.O-O-O Bd7 15.
Bxc5 Qxc5 16.Nd4 O-O 17.Ngf3 Rfc8 18.Ne5 Be8 19.Kb1 Rd8 20.c3 Nbd5 21.Ng4 
Ra6 22.Nxf6+ Nxf6 23.Nc2 Rad6 24.Ne3 Bb5 25.c4 Bc6 26.f3 b5 27.Rxd6 Rxd6 
28.cxb5 Bxb5 29.Bc4 Bxc4 30.Nxc4 Rc6 31.Ne5 Rc8 32.Nd3 Qb5 33.Rc1 Rd8 34.
Rc3 Nd5 35.Rc5 Qa6 36.Nc1 Qd6 37.Rc4 Rb8 38.Qc2 Qa6 39.Rc6 Qb7 40.Nd3 Ne3 
1/2-1/2

[Event "zonal 3.4 (w)"]
[Site "Tashkent UZB"]
[Date "2011.06.12"]
[Round "5.2"]
[White "Dauletova, Gulmira"]
[Black "Muminova, Nafisa"]
[Result "0-1"]
[WhiteElo "2263"]
[BlackElo "2346"]
[EventDate "2011.06.08"]
[PlyCount "118"]

1.e4 e6 2.d4 d5 3.Nc3 Nf6 4.e5 Nfd7 5.f4 c5 6.Nf3 Nc6 7.Be3 Qb6 8.a3 cxd4 
9.Nxd4 Bc5 10.Na4 Qa5+ 11.c3 Bxd4 12.Bxd4 Nxd4 13.Qxd4 O-O 14.Bd3 Qc7 15.
O-O a6 16.b3 b5 17.Nb2 Bb7 18.Rae1 Rac8 19.Nd1 Nc5 20.f5 exf5 21.Bxf5 Rce8
22.Nf2 h6 23.Bc2 Re6 24.b4 Ne4 25.Nxe4 dxe4 26.Bxe4 Bxe4 27.Rxe4 Rd8 28.
Qe3 Rde8 29.Qd4 Rd8 30.Qf2 Rd7 31.Qg3 Rd2 32.Qf4 Rc2 33.Re3 Rg6 34.g3 Rc6 
35.Ref3 R2xc3 36.Qxf7+ Qxf7 37.Rxf7 Rxa3 38.Rf8+ Kh7 39.Re1 Re6 40.Kg2 Rd3
41.Rf4 Kg6 42.h4 Rd5 43.Rfe4 h5 44.Kf3 Kf7 45.Kf4 Rg6 46.Rc1 Rg4+ 47.Ke3 
Rxg3+ 48.Kf4 Rg4+ 49.Ke3 Ke6 50.Rxg4 hxg4 51.Ke4 Rxe5+ 52.Kf4 Rd5 53.Kxg4 
Rd4+ 54.Kg5 Rxb4 55.Rc6+ Kd5 56.Rxa6 Rb1 57.Rb6 b4 58.h5 b3 59.Kf4 b2 0-1

[Event "zonal 3.4 (w)"]
[Site "Tashkent UZB"]
[Date "2011.06.12"]
[Round "5.3"]
[White "Kurbonboeva, Sarvinoz"]
[Black "Nodiryanova, Nodira"]
[Result "1-0"]
[WhiteElo "2073"]
[BlackElo "2166"]
[EventDate "2011.06.08"]
[PlyCount "95"]

1.c4 f5 2.Nc3 Nf6 3.g3 g6 4.Bg2 Bg7 5.Nf3 d6 6.d3 O-O 7.O-O Nc6 8.Rb1 Nh5 
9.Bd2 f4 10.b4 Bg4 11.Nd5 e5 12.b5 Ne7 13.Ng5 Kh8 14.Nxe7 Qxe7 15.Ne4 Qd7 
16.Re1 Rab8 17.a4 Nf6 18.Nxf6 Rxf6 19.a5 Bh3 20.Bf3 b6 21.axb6 axb6 22.Ra1
g5 23.Ra8 Rbf8 24.Rxf8+ Bxf8 25.Qa1 Qf7 26.Bd5 Be6 27.Bxe6 Rxe6 28.Qa8 g4 
29.Kg2 h5 30.f3 Re8 31.Qd5 Qxd5 32.cxd5 Ra8 33.fxg4 hxg4 34.gxf4 Bh6 35.
Kg3 Ra4 36.e3 exf4+ 37.exf4 Ra3 38.Re3 Rb3 39.Kxg4 Bf8 40.Re8 Kg8 41.f5 
Kf7 42.Rc8 Rxb5 43.Rxc7+ Kg8 44.Kg5 Rxd5 45.Kg6 Rxd3 46.Bg5 Ra3 47.f6 Rf3 
48.f7+ 1-0

[Event "zonal 3.4 (w)"]
[Site "Tashkent UZB"]
[Date "2011.06.12"]
[Round "5.4"]
[White "Nakhbaeva, Guliskhan"]
[Black "Khamrakulova, Yulduz"]
[Result "0-1"]
[WhiteElo "2244"]
[BlackElo "2201"]
[EventDate "2011.06.08"]
[PlyCount "110"]

1.d4 d5 2.c4 e6 3.Nf3 c5 4.cxd5 exd5 5.Nc3 Nc6 6.g3 Nf6 7.Bg2 Be7 8.O-O 
O-O 9.dxc5 Bxc5 10.b3 Bg4 11.Bb2 Re8 12.Rc1 Bf8 13.h3 Bf5 14.Nd4 Nxd4 15.
Qxd4 Qa5 16.Rfd1 Rad8 17.a3 Rd7 18.b4 Qd8 19.Qxa7 d4 20.Nb5 Rxe2 21.Bxd4 
Re6 22.Qa4 Be4 23.Qb3 Bxg2 24.Kxg2 Nd5 25.Re1 Rxe1 26.Rxe1 Qc8 27.Kh2 h6 
28.Bb2 Qc6 29.Nd4 Qf6 30.Nf3 Qb6 31.Kg2 Rd8 32.Qc4 Qc7 33.Qe4 b5 34.Nd4 
Qd7 35.h4 Nb6 36.Nf3 Nc4 37.Bc1 Qd6 38.Qg4 Kh8 39.h5 Kh7 40.Kh2 Kh8 41.Nh4
Qd3 42.Nf5 Rd5 43.Ne3 Rg5 44.Qf3 Ne5 45.Qa8 Rxh5+ 46.Kg2 Kg8 47.Rd1 Qc3 
48.Rd8 Qxc1 49.Rxf8+ Kh7 50.Nf1 Qc2 51.Rh8+ Kg6 52.Rc8 Qe2 53.Re8 Rf5 54.
Qa7 Qe4+ 55.Kg1 Nf3+ 0-1

[Event "zonal 3.4 (w)"]
[Site "Tashkent UZB"]
[Date "2011.06.12"]
[Round "5.5"]
[White "Tokhiryanova, Khulkar"]
[Black "Ainutdinova, Ekaterina"]
[Result "1-0"]
[WhiteElo "2106"]
[BlackElo "2088"]
[EventDate "2011.06.08"]
[PlyCount "41"]

1.e4 e5 2.Nf3 Nc6 3.d4 exd4 4.Nxd4 Bc5 5.Be3 Qf6 6.Nb5 Bxe3 7.fxe3 Qh4+ 8.
g3 Qd8 9.Qg4 g6 10.Qf4 d6 11.Bc4 Ne5 12.O-O Bh3 13.N1c3 g5 14.Qf2 Bxf1 15.
Rxf1 Qd7 16.Be6 Qc6 17.Nd4 Qa6 18.Bxf7+ Kd8 19.Bxg8 Nd7 20.Qf7 b6 21.Qg7 
1-0

[Event "zonal 3.4 (w)"]
[Site "Tashkent UZB"]
[Date "2011.06.13"]
[Round "6.1"]
[White "Muminova, Nafisa"]
[Black "Mamatkulova, Maftuna"]
[Result "1-0"]
[WhiteElo "2346"]
[BlackElo "2046"]
[EventDate "2011.06.08"]
[PlyCount "67"]

1.e4 c6 2.d4 d5 3.e5 Bf5 4.h4 h5 5.c4 e6 6.Nc3 Nd7 7.cxd5 cxd5 8.Bd3 Bxd3 
9.Qxd3 Ne7 10.Nf3 Nc6 11.O-O Qa5 12.Bg5 a6 13.Rac1 Rc8 14.Ne2 Qb5 15.Qd2 
Bb4 16.Qe3 Nb6 17.b3 Ba3 18.Rc3 Nb4 19.Rxc8+ Nxc8 20.Nc3 Qc6 21.Qd2 Qb6 
22.Nb1 Qa5 23.Qc3 O-O 24.Bd2 Qb6 25.Nxa3 Nxa2 26.Qe3 Ne7 27.Nc2 a5 28.Ra1 
Nf5 29.Qd3 Nb4 30.Nxb4 axb4 31.Ra4 Rc8 32.Rxb4 Qa7 33.Ra4 Qb6 34.Ra1 1-0

[Event "zonal 3.4 (w)"]
[Site "Tashkent UZB"]
[Date "2011.06.13"]
[Round "6.2"]
[White "Dauletova, Gulmira"]
[Black "Davletbaeva, Madina"]
[Result "1/2-1/2"]
[WhiteElo "2263"]
[BlackElo "2234"]
[EventDate "2011.06.08"]
[PlyCount "105"]

1.e4 e5 2.Nf3 Nc6 3.Bb5 a6 4.Ba4 Nf6 5.d3 d6 6.c3 g6 7.O-O Bg7 8.Nbd2 O-O 
9.Re1 b5 10.Bb3 Bb7 11.Nf1 d5 12.Bg5 dxe4 13.dxe4 h6 14.Bxf6 Qxf6 15.Bd5 
Rad8 16.Qe2 Bc8 17.Ne3 Ne7 18.a4 Qb6 19.axb5 axb5 20.b4 c6 21.Bb3 Kh7 22.
Qa2 f5 23.Qa7 Qxa7 24.Rxa7 Rd7 25.Rxd7 Bxd7 26.Rd1 Bc8 27.Rd6 fxe4 28.Nd2 
Bf5 29.g4 Bc8 30.h3 Rf6 31.Rd8 Rf8 32.Rd6 Rf6 33.Nxe4 Rxd6 34.Nxd6 Bd7 35.
Kf1 Nc8 36.Ne4 Nb6 37.Ke2 Bf8 38.Kd3 Kg7 39.Ba2 Be8 40.g5 hxg5 41.Nxg5 Bd7
42.Be6 Kf6 43.Bxd7 Nxd7 44.h4 Bd6 45.Ke4 Ke7 46.Ng4 Nf6+ 47.Nxf6 Kxf6 48.
Nh7+ Kg7 49.Ng5 Kf6 50.Nf3 Ke6 51.Ng5+ Kf6 52.Nf3 Ke6 53.Ng5+ 1/2-1/2

[Event "zonal 3.4 (w)"]
[Site "Tashkent UZB"]
[Date "2011.06.13"]
[Round "6.3"]
[White "Khamrakulova, Yulduz"]
[Black "Nodiryanova, Nodira"]
[Result "1/2-1/2"]
[WhiteElo "2201"]
[BlackElo "2166"]
[EventDate "2011.06.08"]
[PlyCount "78"]

1.d4 f5 2.g3 Nf6 3.Bg2 g6 4.Nf3 Bg7 5.O-O d6 6.b3 O-O 7.Bb2 c6 8.c4 Qe8 9.
d5 Bd7 10.Nc3 Na6 11.Nd4 Nc5 12.Rb1 a5 13.a3 Nfe4 14.Nxe4 Nxe4 15.Bxe4 
fxe4 16.Ne6 Bxe6 17.Bxg7 Kxg7 18.Qd4+ Rf6 19.dxe6 Qc8 20.Qxe4 Qxe6 21.Qxe6
Rxe6 22.e3 Re5 23.Rfc1 Ra6 24.Rc3 b5 25.cxb5 Rxb5 26.Rd1 c5 27.Kg2 Kf6 28.
f4 a4 29.bxa4 Rb2+ 30.Kf3 Rxh2 31.Rc4 Ra2 32.Rd3 Rb2 33.g4 h6 34.e4 Rb7 
35.e5+ Kf7 36.exd6 exd6 37.f5 gxf5 38.gxf5 Kf6 39.Kf4 Re7 1/2-1/2

[Event "zonal 3.4 (w)"]
[Site "Tashkent UZB"]
[Date "2011.06.13"]
[Round "6.4"]
[White "Kurbonboeva, Sarvinoz"]
[Black "Tokhiryanova, Khulkar"]
[Result "1-0"]
[WhiteElo "2073"]
[BlackElo "2106"]
[EventDate "2011.06.08"]
[PlyCount "199"]

1.c4 e5 2.Nc3 d6 3.g3 g6 4.Bg2 Bg7 5.d3 f5 6.Nf3 Nf6 7.O-O Nc6 8.Rb1 O-O 
9.b4 h6 10.b5 Ne7 11.a4 a6 12.Nd2 axb5 13.axb5 g5 14.Bb2 Rb8 15.Ra1 Be6 
16.Qc2 f4 17.Nce4 Qd7 18.Rfd1 Bh3 19.Bh1 Ng4 20.Nf3 Nf5 21.d4 Nxd4 22.Nxd4
exd4 23.Bxd4 Qf5 24.Bxg7 fxg3 25.hxg3 Kxg7 26.Qc3+ Ne5 27.Qd4 Rf7 28.c5 
dxc5 29.Nxc5 b6 30.Nd3 Re8 31.Bc6 Ree7 32.Ra8 Qf6 33.Qd8 Rf8 34.Qxf8+ Qxf8
35.Rxf8 Kxf8 36.Nxe5 Rxe5 37.e4 Bg4 38.Rd8+ Ke7 39.Rh8 Bf3 40.Rxh6 Rc5 41.
g4 Rc1+ 42.Kh2 Rh1+ 43.Kg3 Rxh6 44.Kxf3 Rf6+ 45.Ke3 Kd6 46.Bd5 Ke5 47.Bc6 
Rf4 48.f3 Rf8 49.Kf2 Rh8 50.Kg2 Kf4 51.Bb7 Rd8 52.Bd5 Ke3 53.Bc6 Rd2+ 54.
Kg3 Kd4 55.Bd5 Ke5 56.Bc6 Kd4 57.Bd5 Re2 58.Bf7 Kd3 59.Bd5 Kc3 60.Bc6 Kd2 
61.e5 Rxe5 62.f4 Re3+ 63.Bf3 gxf4+ 64.Kxf4 c5 65.bxc6 b5 66.g5 b4 67.Bd5 
Rd3 68.g6 b3 69.Bxb3 Rxb3 70.c7 Rb4+ 71.Ke5 Rc4 72.g7 Rxc7 73.g8=Q Re7+ 
74.Kf4 Re2 75.Qc4 Rf2+ 76.Ke4 Re2+ 77.Kd4 Kd1 78.Qb3+ Ke1 79.Qg3+ Kf1 80.
Qf3+ Ke1 81.Qh1+ Kf2 82.Qh4+ Kf3 83.Qf6+ Kg2 84.Kd3 Rf2 85.Qc6+ Kg1 86.Ke3
Rg2 87.Kf3 Kh2 88.Qh6+ Kg1 89.Qc1+ Kh2 90.Kf4 Rg1 91.Qd2+ Rg2 92.Qe1 Rg1 
93.Qf2+ Rg2 94.Qh4+ Kg1 95.Kf3 Ra2 96.Qg5+ Kh1 97.Qh6+ Kg1 98.Qg6+ Kh1 99.
Qh7+ Kg1 100.Qg8+ 1-0

[Event "zonal 3.4 (w)"]
[Site "Tashkent UZB"]
[Date "2011.06.13"]
[Round "6.5"]
[White "Ainutdinova, Ekaterina"]
[Black "Nasriddinzoda, Marvorii"]
[Result "0-1"]
[WhiteElo "2088"]
[BlackElo "2011"]
[EventDate "2011.06.08"]
[PlyCount "74"]

1.e4 e5 2.Nf3 Qe7 3.Nc3 c6 4.Bc4 d6 5.a4 Bg4 6.h3 Bh5 7.g4 Bg6 8.d3 Nf6 9.
Qe2 h6 10.Nh4 Nxe4 11.Nxg6 Nxc3 12.bxc3 fxg6 13.Ba3 Nd7 14.a5 Qf6 15.Ba2 
Be7 16.Rb1 Rb8 17.Qe3 b6 18.d4 Rf8 19.Ke2 d5 20.Bb2 e4 21.c4 Qd6 22.cxd5 
cxd5 23.Qb3 Qf4 24.Qg3 Qxg3 25.fxg3 Rc8 26.c3 Nf6 27.axb6 axb6 28.Rhf1 Bd6
29.h4 Ke7 30.g5 Nh5 31.Rxf8 Nxg3+ 32.Kd2 Rxf8 33.Bxd5 Rf2+ 34.Kd1 e3 35.
Bc4 e2+ 36.Kd2 Bf4+ 37.Kd3 Rf1 0-1

[Event "zonal 3.4 (w)"]
[Site "Tashkent UZB"]
[Date "2011.06.14"]
[Round "7.2"]
[White "Mamatkulova, Maftuna"]
[Black "Khamrakulova, Yulduz"]
[Result "1/2-1/2"]
[WhiteElo "2046"]
[BlackElo "2201"]
[EventDate "2011.06.08"]
[PlyCount "79"]

1.d4 Nf6 2.Nf3 e6 3.c4 d5 4.Nc3 Bb4 5.Bg5 Nbd7 6.cxd5 exd5 7.e3 c5 8.Bd3 
Qa5 9.Qc2 c4 10.Bf5 O-O 11.O-O Re8 12.Bxd7 Nxd7 13.a3 Bf8 14.Rfe1 Nb6 15.
Nd2 Be6 16.Bh4 Rac8 17.f3 g6 18.Bf2 Bh6 19.Nf1 Bg7 20.Ng3 Rcd8 21.h3 Nc8 
22.Rad1 b5 23.e4 Ne7 24.Nge2 Bh6 25.Ng3 Bg7 26.Nf1 f5 27.exd5 Nxd5 28.Nxd5
Bxd5 29.Ne3 Bf7 30.Qc3 Qc7 31.Nc2 Rxe1+ 32.Rxe1 h6 33.Qb4 a6 34.Re7 Rd7 
35.Bg3 Qb7 36.Rxd7 Qxd7 37.Qc5 Bf8 38.Qb6 Qe6 39.Qb8 Qe8 40.Qb6 1/2-1/2

[Event "zonal 3.4 (w)"]
[Site "Tashkent UZB"]
[Date "2011.06.14"]
[Round "7.4"]
[White "Nakhbaeva, Guliskhan"]
[Black "Dauletova, Gulmira"]
[Result "1/2-1/2"]
[WhiteElo "2244"]
[BlackElo "2263"]
[EventDate "2011.06.08"]
[PlyCount "91"]

1.d4 d5 2.c4 e6 3.Nf3 c6 4.e3 f5 5.Bd3 Nf6 6.O-O Bd6 7.b3 Qe7 8.Bb2 O-O 9.
Qc1 Ne4 10.Ba3 Nd7 11.Bxd6 Qxd6 12.Qb2 b6 13.Nc3 Bb7 14.Rfc1 Qe7 15.b4 g5 
16.Ne5 Nxe5 17.dxe5 g4 18.Ne2 c5 19.a3 Rac8 20.Nf4 Rfd8 21.cxd5 exd5 22.
bxc5 bxc5 23.Rab1 Ba8 24.Bxe4 fxe4 25.Rd1 c4 26.Rdc1 Re8 27.Nh5 Rf8 28.
Nf6+ Kf7 29.Nxg4 Ke6 30.Nf6 Qc7 31.Qd4 Rf7 32.Qd1 Qxe5 33.Nh5 Ke7 34.Nf4 
Bc6 35.Qd2 Kf8 36.Qa5 Qd6 37.Rd1 Rd8 38.Ne6+ Qxe6 39.Qxd8+ Kg7 40.Rb8 Kh6 
41.Rc8 Qf6 42.Rxc6 Qxc6 43.Rxd5 Kg7 44.Rg5+ Kh6 45.Rg4 Qf6 46.Rh4+ 1/2-1/2

[Event "zonal 3.4 (w)"]
[Site "Tashkent UZB"]
[Date "2011.06.14"]
[Round "7.5"]
[White "Nodiryanova, Nodira"]
[Black "Tokhiryanova, Khulkar"]
[Result "1-0"]
[WhiteElo "2166"]
[BlackElo "2106"]
[EventDate "2011.06.08"]
[PlyCount "117"]

1.d4 d6 2.Nf3 g6 3.e4 Bg7 4.Be2 Nd7 5.O-O a6 6.a4 e5 7.d5 Ngf6 8.Nfd2 O-O 
9.a5 Ne8 10.Ra3 f5 11.exf5 gxf5 12.f4 e4 13.Nc4 Ndf6 14.Rg3 c5 15.Nb6 Rb8 
16.Na3 Nd7 17.Nac4 Nxb6 18.Nxb6 Rf6 19.Rh3 Rg6 20.b3 Nf6 21.Bb2 Ng4 22.
Bxg7 Kxg7 23.Qa1+ Qf6 24.Bxg4 Qxa1 25.Rxa1 fxg4 26.Re3 Bf5 27.Nc4 Re8 28.
Rae1 Rf6 29.g3 Bg6 30.Nd2 Rf7 31.Nxe4 Bxe4 32.Rxe4 Rxe4 33.Rxe4 b5 34.Re6 
Rd7 35.Re8 Kf6 36.Ra8 Kf5 37.Re8 b4 38.Kf2 c4 39.bxc4 Rc7 40.Ke3 Rxc4 41.
Rf8+ Kg6 42.Rd8 Rxc2 43.Rxd6+ Kf7 44.Rxa6 Rxh2 45.f5 b3 46.Rb6 Ra2 47.Kf4 
Rxa5 48.Ke5 Ra2 49.Rb7+ Ke8 50.Rxb3 Re2+ 51.Kf6 Rf2 52.Rb7 h5 53.Re7+ Kd8 
54.Rh7 Rh2 55.Kg5 Rg2 56.f6 Ke8 57.Kg6 Rf2 58.d6 h4 59.f7+ 1-0

[Event "zonal 3.4 (w)"]
[Site "Tashkent UZB"]
[Date "2011.06.15"]
[Round "8.1"]
[White "Nodiryanova, Nodira"]
[Black "Davletbaeva, Madina"]
[Result "0-1"]
[WhiteElo "2166"]
[BlackElo "2234"]
[EventDate "2011.06.08"]
[PlyCount "62"]

1.d4 Nf6 2.c4 e5 3.dxe5 Ng4 4.Bf4 Nc6 5.Nf3 Bb4+ 6.Nc3 Qe7 7.Qd5 Bxc3+ 8.
bxc3 Qa3 9.Rc1 f6 10.exf6 Nxf6 11.Qd2 d6 12.Qe3+ Ne7 13.Bg5 Bg4 14.Nd4 Bd7
15.Ne6 Bxe6 16.Qxe6 h6 17.Be3 Nd7 18.g3 Nc5 19.Qg4 O-O 20.Bg2 Nf5 21.O-O 
Nxe3 22.fxe3 Qxa2 23.Bd5+ Kh8 24.Bf7 Qd2 25.h4 Rxf7 26.Rxf7 Qxc1+ 27.Kh2 
Qxc3 28.Rxc7 Qf6 29.e4 Re8 30.Qh5 Re5 31.Qg4 Rxe4 0-1

[Event "zonal 3.4 (w)"]
[Site "Tashkent UZB"]
[Date "2011.06.15"]
[Round "8.3"]
[White "Mamatkulova, Maftuna"]
[Black "Nakhbaeva, Guliskhan"]
[Result "0-1"]
[WhiteElo "2046"]
[BlackElo "2244"]
[EventDate "2011.06.08"]
[PlyCount "86"]

1.d4 d5 2.Nf3 c6 3.c4 Nf6 4.e3 Bg4 5.Nbd2 e6 6.Qb3 Qc7 7.Bd3 Nbd7 8.O-O 
Bd6 9.Qc2 O-O 10.c5 Be7 11.b4 a5 12.b5 cxb5 13.Bxb5 Bf5 14.Bd3 Bxd3 15.
Qxd3 b6 16.cxb6 Nxb6 17.Ba3 Bb4 18.Rac1 Qd6 19.Qb5 Nbd7 20.Rc6 Qe7 21.Bc1 
Rfb8 22.Qd3 h6 23.g3 a4 24.Kg2 a3 25.h3 Bd6 26.Rd1 Nb6 27.Ne5 Na4 28.Rc2 
Rc8 29.Rxc8+ Rxc8 30.Qa6 Rxc1 31.Rxc1 Nb2 32.Rc8+ Kh7 33.Ndf3 Bxe5 34.dxe5
Ne4 35.Qa8 Kg6 36.Re8 Qb4 37.Qd8 Ng5 38.Nd4 Nd1 39.h4 Qd2 40.hxg5 Qxf2+ 
41.Kh3 Qf1+ 42.Kh2 Nxe3 43.Rxe6+ Kh5 0-1